A kollégiumok szerepéről
Elmentve itt :
| Dokumentumtípus: | Cikk |
|---|---|
| Megjelent: |
1974
|
| Sorozat: | Szegedi Egyetem
12 No. 11 |
| Kulcsszavak: | Egyetemi nevelőmunka, Kollégiumok, KISZ, Egyetemi hallgatók |
| Online Access: | http://univ.bibl.u-szeged.hu/13636 |
| LEADER | 00601nab a2200181 i 4500 | ||
|---|---|---|---|
| 001 | univ13636 | ||
| 005 | 20241108130120.0 | ||
| 008 | 180130s1974 hu o 000 hun d | ||
| 022 | |a 0230-791X | ||
| 040 | |a SZTE UnivHistória Repozitórium |b hun | ||
| 041 | |a hun | ||
| 245 | 0 | 2 | |a A kollégiumok szerepéről |h [elektronikus dokumentum] |
| 260 | |c 1974 | ||
| 300 | |a 2 | ||
| 490 | 0 | |a Szegedi Egyetem |v 12 No. 11 | |
| 561 | |a Egyetemi, hallgatói élet | ||
| 695 | |a Egyetemi nevelőmunka, Kollégiumok, KISZ, Egyetemi hallgatók | ||
| 856 | 4 | 0 | |u http://univ.bibl.u-szeged.hu/13636/1/sze_1974_011_002.pdf |z Dokumentum-elérés |